Normal view
MARC view
- Stephan Walther
Entry Personal Name
001 - CONTROL NUMBER
- control field: 106861
003 - CONTROL NUMBER IDENTIFIER
- control field: NUST
005 - DATE AND TIME OF LATEST TRANSACTION
- control field: 20230116114836.0
008 - FIXED-LENGTH DATA ELEMENTS
- fixed length control field: 230116|| aca||aabn | a|a d
040 ## - CATALOGING SOURCE
- Original cataloging agency: NUST
- Transcribing agency: NUST
100 ## - HEADING--PERSONAL NAME
- Personal name: Stephan Walther
670 ## - SOURCE DATA FOUND
- Source citation: Work cat.: (NUST)185018: Stephan Walther, Sams teach yourself E-Commerece programming with ASP (Include CD) :, 2000
